Music Quiz

Random Music or Lyrics Quiz

'Million Pieces' Lyrics Quiz Stats

 Plays Quiz not verified by Sporcle

Score 0/203 Timer 10:00
0 Plays Today
Answer % Correct
(A
100%
million
100%
pieces)
100%
a
100%
a
100%
a
100%
A
100%
million
100%
pieces,
100%
A
100%
million
100%
pieces
100%
A
100%
million
100%
pieces
100%
A
100%
million
100%
pieces
100%
CHORUS
100%
CHORUS
100%
A
100%
million
100%
pieces
100%
A
100%
million
100%
pieces
100%
A
100%
million
100%
pieces
100%
I
96.7%
Don't
96.7%
it's
96.7%
like
96.7%
bitter
96.7%
pill
96.7%
my
96.7%
It
96.7%
my
96.7%
heart
96.7%
it's
96.7%
Don't
96.7%
it
96.7%
out
96.7%
It
96.7%
my
96.7%
heart
96.7%
my
96.7%
heart
96.7%
It
96.7%
my
96.7%
heart
96.7%
it's
96.7%
it
96.7%
I
96.7%
don't
96.7%
my
96.7%
heart
96.7%
my
96.7%
heart
96.7%
I
96.7%
I
96.7%
don't
96.7%
it
96.7%
it
96.7%
out
96.7%
out
96.7%
don't
96.7%
don't
96.7%
Answer % Correct
in
93.3%
hard
93.3%
cause
93.3%
You
93.3%
Harder,
93.3%
harder,
93.3%
harder,
93.3%
harder,
93.3%
hard
93.3%
fast
93.3%
you
93.3%
go?
93.3%
know
93.3%
breathe
90%
speak
90%
makes
90%
beat
90%
The
90%
No
90%
The
90%
The
90%
echoes
90%
(The
90%
echoes,
90%
the
90%
echoes)
90%
No
90%
ever
90%
(The
90%
echoes)
90%
breaks
90%
Breaks
90%
into
90%
breaks
90%
into
90%
If
90%
gonna
90%
break
90%
me
90%
Won't
90%
let
90%
me
90%
Leave
90%
the
90%
morning
90%
wanna
90%
Breaks
90%
Breaks
90%
into
90%
The
90%
echoes
90%
(The
90%
echoes,
90%
the
90%
echoes)
90%
No
90%
ever
90%
(The
90%
echoes)
90%
me,
90%
me
90%
the
90%
is
86.7%
look
86.7%
is
86.7%
news
86.7%
loud
86.7%
drown
86.7%
Answer % Correct
oh
86.7%
till
86.7%
(Oh, oh, oh, oh, oh, oh, oh, oh)
86.7%
news
86.7%
loud
86.7%
(Oh, oh, oh, oh, oh, oh, oh, oh)
86.7%
(Oh, oh, oh, oh, oh, oh, oh, oh)
86.7%
(Oh, oh, oh, oh, oh, oh, oh, oh)
86.7%
(Oh, oh, oh, oh, oh, oh, oh, oh)
86.7%
blow
83.3%
mind
83.3%
outside
83.3%
world
83.3%
ending
83.3%
Faster,
83.3%
faster,
83.3%
faster,
83.3%
faster,
83.3%
of
83.3%
that
83.3%
ring
83.3%
can
83.3%
to
83.3%
of
83.3%
that
83.3%
ring
83.3%
mind
83.3%
sound
80%
not
76.7%
now
76.7%
music
76.7%
too
73.3%
Just
73.3%
want
73.3%
talk
73.3%
king's
70%
one
70%
drill
70%
We're
70%
far
70%
mean
70%
anything
70%
drink,
70%
****,
70%
dance
70%
about
70%
clown
63.3%
gone
63.3%
say
63.3%
disaster
63.3%
Right
56.7%
through
56.7%
drowns
53.3%
Nothing
50%
will
50%
pull
50%
pull
50%
down
50%
from
50%
ceiling
50%
your
46.7%
Get
43.3%
and
40%
And
40%
laughing,
36.7%
fear
36.7%
loathing
36.7%

You're not logged in!

Compare scores with friends on all Sporcle quizzes.
OR
Log In

Sporcle TV

Today on Sporcle TV


Watch our educational content, quiz creation guides, and fun videos on Sporcle TV.

Show Comments

Extras

Top Quizzes Today


Score Distribution

Your Account Isn't Verified!

In order to create a playlist on Sporcle, you need to verify the email address you used during registration. Go to your Sporcle Settings to finish the process.

Report this User

Report this user for behavior that violates our Community Guidelines.

Details: